=LDR 00000nam 2200000 4500 =001 NUTBA000000000002520 =005 20200205102539 =035 ##$$a 0010-061400000000463 =008 200205################g##########0#ind## =020 ##$$a 978602553926 =040 ##$$a NBPDMAT =082 ##$$a 004.678 =090 ##$$a 004.678 $b Eli r =100 ##$$a Eli Amhar Rahman =245 1#$$a Rahasia sukses bisnis warnet /$c Eli Amhar Rahma =250 ##$$a Cet.1 =260 ##$$a Banten :$b Kenanga Pustaka Indonesia,$c 2010 =300 ##$$a viii, 56 hlm. : $b ilus. ; $c 25 cm. =650 #4$$a Warnet =850 ##$$a NBPDMAT =084 ##$$a 004.678 Eli r =504 ##$$a Glosarium ; Hlm. 55 =990 ##$$a 21403337 =990 ##$$a 21403338 =990 ##$$a 21403339 =990 ##$$a 21403340 =990 ##$$a 21403341